000 00679nam a2200217Ii 4500
003 JO-AjNU
008 230605s9999||||xx |||||||||||||| ||und||
017 _a1984/4096
040 _aJO-AjNU
_bara
_erda
_cJO-AjNU
041 _aara
050 1 4 _aPJ6151 1984
100 3 _aتأليف نيل ، حامد أحمد ,
_eauthor
_935613
245 0 0 _aمن أساليب القرآن بين المعنى والصناعة النحوية
250 _aط1
264 3 1 _aد.م: د.ن، 1984
300 _a190ص
336 _atext
_btxt
_2rdacontent
337 _aunmediated
_bn
_2rdamedia
338 _avolume
_bnc
_2rdacarrier
650 4 _aاللغة العربية-النحو
_935614
999 _aA14720
_c18288
_d18288